000 00792nas a2200265 4500
001 BR2014004186
003 BR-BrBNA
005 20231205124237.0
007 ta
008 230509b bl.|||p| |||| 00| 00por d
040 _aBR-BrBNA
_bpor
_cBiblioteca Nacional de Agricultura
041 _a(Pt)
072 _aQ05
100 1 _aSantos, C.A. dos
100 1 _aMing, C.C.
100 1 _aGonçalves, L.A.G.
245 1 _aEmulsificantes: atuação como modificadores do processo de cristalização d gorduras
650 _aALIMENTO
650 _aGORDURA
650 _aEMULSIFICANTE
650 _aCRISTALIZAÇÃO
773 0 _tCiência Rural (Brazil)
_xISSN 0103-8478
_g(Mar 2014), v. 44(3) p. 567-574
_wBR2014004186
909 _a202311
_bLúcia
_c55
_dLúcia Elande
942 _2AGRIS
_n0
_cANA
999 _c238071
_d238071